Five-minute fairy tales
| Main Author: | |
|---|---|
| Format: | Book |
| Published: |
England :
Blitz Editions ,
1994
|
| Subjects: |
MARC
| LEADER | 00000cam a2200000 7i4500 | ||
|---|---|---|---|
| 001 | 0000009070 | ||
| 002 | 000009880 | ||
| 005 | 20000330.0 | ||
| 020 | |a 1856051897 | ||
| 090 | 0 | 0 | |a JF |b BAX |
| 100 | 1 | |a Baxter, Nicola | |
| 245 | 1 | 0 | |a Five-minute fairy tales |c Nicola Baxter |
| 260 | |a England : |b Blitz Editions , |c 1994 | ||
| 300 | |a p.v. : |b ill. ; |c 33cm. | ||
| 650 | 0 | 0 | |a Children's stories |
| 999 | |a 038006 |b BUKU |c PINJAMAN |e PERPUSTAKAAN KOMUNITI PETALING JAYA | ||